00970nam a22002417a 4500003000500000005001700005008004100022010001000063011001000073020001800083035001100101040000900112082002100121110007900142245020800221260003400429300002000463534013200483650003200615650003600647650001700683650002800700CHAP20220329143511.0100224s2007 mx a r 00010 spa d a97604 a98576 a9789689166047 a109261 cCHAP14a371.926021bOc191 aOrganización para la Cooperación y el Desarrollo Económicos. París10aEstudiantes con discapacidades, dificultades de aprendizaje y desventajas :bestadísticas e indicadores de los países de la OEAc/por Organización para la cooperación y el desarrollo económicos aMéxico, D.F. :bOCDE,c2007 a109 p. :bilus. pTit original :tStudents with disabilities, learning dificulties and disadvantages: statisticas and indicators of oas countries14aEducaciónxMetodología.14aEducaciónxPlanes de estudio.14aEstudiantes.14aSociología educativa.